MARC details
| 000 -CABECERA |
| campo de control de longitud fija |
00857cam a2200217 a 4500 |
| 001 - NÚMERO DE CONTROL |
| campo de control |
000002806 |
| 005 - FECHA Y HORA DE LA ÚLTIMA TRANSACCIÓN |
| campo de control |
20200929150247.0 |
| 008 - DATOS DE LONGITUD FIJA--INFORMACIÓN GENERAL |
| campo de control de longitud fija |
830209s1991 pr b s001 0 spa |
| 020 ## - NÚMERO INTERNACIONAL ESTÁNDAR DEL LIBRO |
| Número Internacional Estándar del Libro |
0847736148 |
| 040 ## - FUENTE DE LA CATALOGACIÓN |
| Centro catalogador/agencia de origen |
DO-SdBNP |
| Lengua de catalogación |
spa |
| Centro/agencia transcriptor |
BNPHU |
| 041 17 - CÓDIGO DE LENGUA |
| Código de lengua del texto/banda sonora o título independiente |
spa |
| Código de lengua original |
eng |
| 082 ## - NÚMERO DE LA CLASIFICACIÓN DECIMAL DEWEY |
| Número de clasificación |
801.95 |
| Número de documento/Ítem |
M266v |
| 100 1# - ENTRADA PRINCIPAL--NOMBRE DE PERSONA |
| Nombre de persona |
Man, Paul de |
| Fechas asociadas al nombre |
1919-1983. |
| 9 (RLIN) |
8868 |
| 245 10 - MENCIÓN DE TÍTULO |
| Título |
Visión y ceguera : |
| Resto del título |
ensayos sobre la retórica de la crítica contemporánea / |
| Mención de responsabilidad, etc. |
Paul de Man ; edición y traducción, Hugo Rodríguez Vecchini y Jacques Lezra. |
| 260 ## - PUBLICACIÓN, DISTRIBUCIÓN, ETC. |
| Lugar de publicación, distribución, etc. |
Río Piedra, Puerto Rico : |
| Nombre del editor, distribuidor, etc. |
Universidad de Puerto Rico, |
| Fecha de publicación, distribución, etc. |
1991. |
| 300 ## - DESCRIPCIÓN FÍSICA |
| Extensión |
365 p. ; |
| Dimensiones |
23 cm. |
| 534 ## - NOTA SOBRE LA VERSIÓN ORIGINAL |
| Encabezamiento principal del original |
Título original: Blindness and insight, essays in the rhetoric of contemporary criticism. |
| 650 #4 - PUNTO DE ACCESO ADICIONAL DE MATERIA--TÉRMINO DE MATERIA |
| Término de materia o nombre geográfico como elemento de entrada |
Crítica literaria |
| 9 (RLIN) |
3141 |
| 700 1# - PUNTO DE ACCESO ADICIONAL--NOMBRE DE PERSONA |
| Nombre de persona |
Rodríguez Vecchini, Hugo, |
| Término indicativo de función/relación |
tr. |
| 9 (RLIN) |
8869 |
| 700 1# - PUNTO DE ACCESO ADICIONAL--NOMBRE DE PERSONA |
| Nombre de persona |
Lezra, Jacques, |
| Término indicativo de función/relación |
tr. |
| 9 (RLIN) |
8870 |